000
00324nam a22001337a 4500
001
1958
005
20260414135645.0
008
260414b |||||||| |||| 00| 0 eng d
020
_a
9781234567890
100
_a
Smith, John
245
_a
Introduction to Library Science
260
_b
ABC Publishing
_c
2018
942
_2
ddc
_c
BOOK
_n
0
999
_c
1958
_d
1958